000 00590nam a2200169 i 4500
001 59175
003 ES-MaACL
005 20230906164000.0
007 t|
008 031027s1946 sp ||||1| spa d
100 1 _aElías de Tejada, Francisco.
_946976
245 1 4 _aLas doctrinas políticas en la Baja Edad Media inglesa
_b: (seis estudios) /
_cpor Francisco Elías de Tejada Spínola.
260 _aMadrid :
_bInstituto de Estudios Políticos,
_c1946.
300 _a224 p. ;
_c19 cm.
710 2 _aInstituto de Estudios Políticos (Madrid)
_94924
852 _aES-MaACL
_jB-10393
_bR.22235
999 _c59175
_d59175